000 00332 a2200157 4500
001 183950
020 _a85-262-4195-8
040 _cMagnum
100 _aCervantes, Miguel de
240 1 0 _aDom quixote
_lpor
245 1 0 _aDom quixote
300 _a134
362 0 _a2005
697 _aLITERATURA GERAL ESTRANGEIRA
942 _cBK
999 _c183950
_d183950